<?xml version="1.0" encoding="UTF-8"?>
<record
    xmlns:xsi="http://www.w3.org/2001/XMLSchema-instance"
    xsi:schemaLocation="http://www.loc.gov/MARC21/slim http://www.loc.gov/standards/marcxml/schema/MARC21slim.xsd"
    xmlns="http://www.loc.gov/MARC21/slim">

  <leader>00738nam a22001577a 4500</leader>
  <controlfield tag="003">OSt</controlfield>
  <controlfield tag="005">20160225090454.0</controlfield>
  <controlfield tag="008">160225b        xxu||||| |||| 00| 0 eng d</controlfield>
  <datafield tag="040" ind1=" " ind2=" ">
    <subfield code="c">RUA</subfield>
  </datafield>
  <datafield tag="082" ind1=" " ind2=" ">
    <subfield code="a">AGR SOK 2013 B432 Or.1</subfield>
  </datafield>
  <datafield tag="100" ind1=" " ind2=" ">
    <subfield code="9">7446</subfield>
    <subfield code="a">SOK SOPHEAK ; &#x179F;&#x17BB;&#x1781; &#x179F;&#x17BB;&#x1797;&#x17D0;&#x1780;&#x17D2;&#x179A;</subfield>
  </datafield>
  <datafield tag="245" ind1=" " ind2=" ">
    <subfield code="a">Study on riec growing method under sandy loam soil condition at royal university of agriculture , &#x179F;&#x17B7;&#x1780;&#x17D2;&#x179F;&#x17B6;&#x179C;&#x17B7;&#x1792;&#x17B8;&#x179F;&#x17B6;&#x179F;&#x17D2;&#x179A;&#x17D2;&#x178F;&#x178A;&#x17C6;&#x17B6;&#x178A;&#x17BB;&#x17C7;&#x178A;&#x17C6;&#x178E;&#x17B6;&#x17C6;&#x179F;&#x17D2;&#x179A;&#x17BC;&#x179C;&#x179B;&#x1780;&#x17D2;&#x1781;&#x178E;&#x17C8;&#x178A;&#x17B8;&#x179B;&#x17D2;&#x1794;&#x17B6;&#x1799;&#x1781;&#x17D2;&#x179F;&#x17B6;&#x1785;&#x17CB; &#x1793;&#x17C5;&#x179F;&#x17B6;&#x1780;&#x179B;&#x179C;&#x17B7;&#x1791;&#x17D2;&#x1799;&#x17B6;&#x179B;&#x17D0;&#x1799;&#x1797;&#x17BC;&#x1798;&#x17B7;&#x1793;&#x17D2;&#x1791;&#x1780;&#x179F;&#x17B7;&#x1780;&#x1798;&#x17D2;&#x1798;</subfield>
  </datafield>
  <datafield tag="260" ind1=" " ind2=" ">
    <subfield code="a">Phnom Penh</subfield>
    <subfield code="b">RUA</subfield>
    <subfield code="c">2013</subfield>
  </datafield>
  <datafield tag="300" ind1=" " ind2=" ">
    <subfield code="a">xi ;34p.</subfield>
    <subfield code="b">ill.</subfield>
    <subfield code="c">29cm.</subfield>
  </datafield>
  <datafield tag="942" ind1=" " ind2=" ">
    <subfield code="2">ddc</subfield>
    <subfield code="c">AGR</subfield>
  </datafield>
  <datafield tag="999" ind1=" " ind2=" ">
    <subfield code="c">7033</subfield>
    <subfield code="d">7033</subfield>
  </datafield>
  <datafield tag="952" ind1=" " ind2=" ">
    <subfield code="0">0</subfield>
    <subfield code="1">0</subfield>
    <subfield code="2">ddc</subfield>
    <subfield code="4">0</subfield>
    <subfield code="6">AGR_SOK_2013_000000000000000_B432_OR_1</subfield>
    <subfield code="7">0</subfield>
    <subfield code="9">40957</subfield>
    <subfield code="a">LBB</subfield>
    <subfield code="b">LBB</subfield>
    <subfield code="c">B432</subfield>
    <subfield code="d">2016-02-25</subfield>
    <subfield code="l">1</subfield>
    <subfield code="o">AGR SOK 2013 B432 Or.1</subfield>
    <subfield code="p">RUA050921</subfield>
    <subfield code="r">2016-07-06</subfield>
    <subfield code="s">2016-06-14</subfield>
    <subfield code="w">2016-02-25</subfield>
    <subfield code="y">AGR</subfield>
  </datafield>
  <datafield tag="952" ind1=" " ind2=" ">
    <subfield code="0">0</subfield>
    <subfield code="1">0</subfield>
    <subfield code="2">ddc</subfield>
    <subfield code="4">0</subfield>
    <subfield code="6">AGR_SOK_2013_000000000000000_B432_OR_2</subfield>
    <subfield code="7">0</subfield>
    <subfield code="9">40958</subfield>
    <subfield code="a">LBB</subfield>
    <subfield code="b">LBB</subfield>
    <subfield code="c">B432</subfield>
    <subfield code="d">2016-02-25</subfield>
    <subfield code="l">2</subfield>
    <subfield code="o">AGR SOK 2013 B432 Or.2</subfield>
    <subfield code="p">RUA050767</subfield>
    <subfield code="r">2016-06-29</subfield>
    <subfield code="s">2016-06-09</subfield>
    <subfield code="w">2016-02-25</subfield>
    <subfield code="y">AGR</subfield>
  </datafield>
  <datafield tag="952" ind1=" " ind2=" ">
    <subfield code="0">0</subfield>
    <subfield code="1">0</subfield>
    <subfield code="2">ddc</subfield>
    <subfield code="4">0</subfield>
    <subfield code="6">AGR_SOK_2013_000000000000000_B432_OR_3</subfield>
    <subfield code="7">0</subfield>
    <subfield code="9">40959</subfield>
    <subfield code="a">LBB</subfield>
    <subfield code="b">LBB</subfield>
    <subfield code="c">B432</subfield>
    <subfield code="d">2016-02-25</subfield>
    <subfield code="o">AGR SOK 2013 B432 Or.3</subfield>
    <subfield code="p">RUA051743</subfield>
    <subfield code="r">2016-02-25</subfield>
    <subfield code="w">2016-02-25</subfield>
    <subfield code="y">AGR</subfield>
  </datafield>
  <datafield tag="952" ind1=" " ind2=" ">
    <subfield code="0">0</subfield>
    <subfield code="1">0</subfield>
    <subfield code="2">ddc</subfield>
    <subfield code="4">0</subfield>
    <subfield code="6">AGR_SOK_2013_000000000000000_B432_OR_4</subfield>
    <subfield code="7">0</subfield>
    <subfield code="9">40960</subfield>
    <subfield code="a">LBB</subfield>
    <subfield code="b">LBB</subfield>
    <subfield code="c">B432</subfield>
    <subfield code="d">2016-02-25</subfield>
    <subfield code="o">AGR SOK 2013 B432 Or.4</subfield>
    <subfield code="p">RUA050873</subfield>
    <subfield code="r">2016-02-25</subfield>
    <subfield code="w">2016-02-25</subfield>
    <subfield code="y">AGR</subfield>
  </datafield>
  <datafield tag="952" ind1=" " ind2=" ">
    <subfield code="0">0</subfield>
    <subfield code="1">0</subfield>
    <subfield code="2">ddc</subfield>
    <subfield code="4">0</subfield>
    <subfield code="6">AGR_SOK_2013_000000000000000_B432_OR_5</subfield>
    <subfield code="7">0</subfield>
    <subfield code="9">40961</subfield>
    <subfield code="a">LBB</subfield>
    <subfield code="b">LBB</subfield>
    <subfield code="c">B432</subfield>
    <subfield code="d">2016-02-25</subfield>
    <subfield code="l">1</subfield>
    <subfield code="o">AGR SOK 2013 B432 Or.5</subfield>
    <subfield code="p">RUA051926</subfield>
    <subfield code="r">2022-08-23</subfield>
    <subfield code="s">2022-08-08</subfield>
    <subfield code="w">2016-02-25</subfield>
    <subfield code="y">AGR</subfield>
  </datafield>
  <datafield tag="952" ind1=" " ind2=" ">
    <subfield code="0">0</subfield>
    <subfield code="1">0</subfield>
    <subfield code="2">ddc</subfield>
    <subfield code="4">0</subfield>
    <subfield code="6">AGR_SOK_2013_000000000000000_B432_OR_6</subfield>
    <subfield code="7">0</subfield>
    <subfield code="9">40962</subfield>
    <subfield code="a">LBB</subfield>
    <subfield code="b">LBB</subfield>
    <subfield code="c">B432</subfield>
    <subfield code="d">2016-02-25</subfield>
    <subfield code="o">AGR SOK 2013 B432 Or.6</subfield>
    <subfield code="p">RUA050948</subfield>
    <subfield code="r">2016-02-25</subfield>
    <subfield code="w">2016-02-25</subfield>
    <subfield code="y">AGR</subfield>
  </datafield>
  <datafield tag="952" ind1=" " ind2=" ">
    <subfield code="0">0</subfield>
    <subfield code="1">0</subfield>
    <subfield code="2">ddc</subfield>
    <subfield code="4">0</subfield>
    <subfield code="6">AGR_SOK_2013_000000000000000_B432_OR_7</subfield>
    <subfield code="7">0</subfield>
    <subfield code="9">40963</subfield>
    <subfield code="a">LBB</subfield>
    <subfield code="b">LBB</subfield>
    <subfield code="c">B432</subfield>
    <subfield code="d">2016-02-25</subfield>
    <subfield code="l">1</subfield>
    <subfield code="m">1</subfield>
    <subfield code="o">AGR SOK 2013 B432 Or.7</subfield>
    <subfield code="p">RUA051066</subfield>
    <subfield code="r">2019-11-15</subfield>
    <subfield code="s">2019-10-22</subfield>
    <subfield code="w">2016-02-25</subfield>
    <subfield code="y">AGR</subfield>
  </datafield>
  <datafield tag="952" ind1=" " ind2=" ">
    <subfield code="0">0</subfield>
    <subfield code="1">0</subfield>
    <subfield code="2">ddc</subfield>
    <subfield code="4">0</subfield>
    <subfield code="6">AGR_SOK_2013_000000000000000_B432_OR_8</subfield>
    <subfield code="7">0</subfield>
    <subfield code="9">40964</subfield>
    <subfield code="a">LBB</subfield>
    <subfield code="b">LBB</subfield>
    <subfield code="c">B432</subfield>
    <subfield code="d">2016-02-25</subfield>
    <subfield code="l">1</subfield>
    <subfield code="o">AGR SOK 2013 B432 Or.8</subfield>
    <subfield code="p">RUA051600</subfield>
    <subfield code="r">2016-06-04</subfield>
    <subfield code="s">2016-05-09</subfield>
    <subfield code="w">2016-02-25</subfield>
    <subfield code="y">AGR</subfield>
  </datafield>
  <datafield tag="952" ind1=" " ind2=" ">
    <subfield code="0">0</subfield>
    <subfield code="1">0</subfield>
    <subfield code="2">ddc</subfield>
    <subfield code="4">0</subfield>
    <subfield code="6">AGR_SOK_2013_000000000000000_B642_OR_1</subfield>
    <subfield code="7">0</subfield>
    <subfield code="9">88288</subfield>
    <subfield code="a">LBB</subfield>
    <subfield code="b">LBB</subfield>
    <subfield code="c">B642</subfield>
    <subfield code="d">2021-12-15</subfield>
    <subfield code="l">1</subfield>
    <subfield code="o">AGR SOK 2013 B642 Or.1</subfield>
    <subfield code="p">a066136</subfield>
    <subfield code="r">2024-11-26</subfield>
    <subfield code="s">2024-11-25</subfield>
    <subfield code="w">2021-12-15</subfield>
    <subfield code="y">AGR</subfield>
  </datafield>
  <datafield tag="952" ind1=" " ind2=" ">
    <subfield code="0">0</subfield>
    <subfield code="1">0</subfield>
    <subfield code="2">ddc</subfield>
    <subfield code="4">0</subfield>
    <subfield code="6">AGR_SOK_2013_000000000000000_B642_OR_1</subfield>
    <subfield code="7">0</subfield>
    <subfield code="9">88289</subfield>
    <subfield code="a">LBB</subfield>
    <subfield code="b">LBB</subfield>
    <subfield code="c">B642</subfield>
    <subfield code="d">2021-12-15</subfield>
    <subfield code="l">1</subfield>
    <subfield code="o">AGR SOK 2013 B642 Or.1</subfield>
    <subfield code="p">a066196</subfield>
    <subfield code="r">2025-12-31</subfield>
    <subfield code="s">2025-12-12</subfield>
    <subfield code="w">2021-12-15</subfield>
    <subfield code="y">AGR</subfield>
  </datafield>
</record>
